000 00367 a2200157 4500
001 48213
020 _a9788526285545
040 _cAnchieta - Aquarius
100 _aFeliciani, Mario Rui
240 1 0 _aO livro das combinações
_lpor
245 1 0 _aO livro das combinações
300 _a22
362 0 _a2011
650 4 _aLiteratura infanto-juvenil
942 _cBK
999 _c48213
_d48213